[Event "Match"]
[Site "www.echecsemail.com"]
[Date "2018.06.04"]
[Round "1"]
[White "Luke1302"]
[Black "Storzman"]
[WhiteElo "1300"]
[BlackElo "1199"]
[Result "0-1"]
[Round "1"]
1.e4 e6
2.b3 d5
3.Bc1b2 Ng8f6
4.Bb2xf6 Qd8xf6
5.c3 Bf8c5
6.Bf1b5 c6
7.d4 Bc5xd4
8.Bb5e2 Qf6xf2
9.Kd2 Qf2f4
10.Kc2 Qf4xe4
11.Be2d3 Qe4xg2
12.Ng1e2 Bd4f6
13.Qd1f1 Qg2xf1
14.Rh1xf1 e5
15.Ne2g3 Bc8g4
16.c4 e4
17.Nb1c3 exd3
18.Kxd3 dxc4
19.Kxc4 Nb8d7
20.Rf1e1 Nd7e5
21.Kb4 O-O-O
22.Ng3f5 Ne5d3
23.Ka3 Nd3xe1
24.Nf5e7 Bf6xe7
25.b4 Ne1c2
26.Kb2 Nc2xa1
27.b5 Be7f6
28.b6 axb6
29.a4 Rh8e8
30.Kxa1 Rd8d2
{ resign }
0-1

[Event "Tourn. n9825"]
[Site "www.echecsemail.com"]
[Date "2018.06.04"]
[Round "1"]
[White "Julian"]
[Black "Paes19"]
[WhiteElo "1850"]
[BlackElo "1959"]
[Result "0-1"]
[Round "1"]
1.d4 e6
2.e4 d5
3.Nb1d2 a6
4.Ng1f3 Ng8e7
5.e5 Ne7g6
6.h4 Bf8e7
7.h5 Ng6f8
8.Bf1d3 Nb8c6
9.c3 f6
10.Nd2f1 Nc6a7
11.h6 g6
12.exf6 Be7xf6
13.Nf3e5 Bf6xe5
14.dxe5 c5
15.Qd1g4 { time. }
0-1

[Event "1/8 Finale"]
[Site "www.chess-mail.com"]
[Date "2018.06.04"]
[Round "1"]
[White "Chessington"]
[Black "Conde7"]
[WhiteElo "2790"]
[BlackElo "2880"]
[Result "1/2-1/2"]
[Round "1"]
1.Ng1f3 Ng8f6
2.g3 d5
3.Bf1g2 g6
4.c4 dxc4
5.Nb1a3 Bc8e6
6.Qd1c2 Nb8c6
7.Na3xc4 Be6d5
8.Qc2a4 Nf6d7
9.Nc4e3 Nd7b6
10.Qa4b5 a6
11.Qb5d3 Bf8g7
12.Ne3xd5 Qd8xd5
13.Qd3xd5 Nb6xd5
14.O-O Ra8d8
15.d3 Rd8d7
16.Bc1d2 Nc6d4
17.e3 Nd4xf3
18.Bg2xf3 c6
19.Ra1b1 f5
20.Bf3d1 Nd5f6
21.Bd1e2 Kf7
22.h3 e6
23.Kg2 Rh8a8
24.Bd2a5 Rd7d5
25.Ba5d2 a5
26.g4 Rd5d7
27.Rf1c1 Nf6d5
28.a3 Bg7f6
29.Rc1c2 a4
30.d4 h6
31.Rb1f1 Kg7
32.Rf1d1 Rd7f7
33.gxf5 exf5
34.Be2d3 Bf6e7
35.Rd1g1 h5
36.Kf3 Rf7f6
37.Ke2 Ra8e8
38.Rc2c1 Be7d6
39.Kd1 Kf7
40.Bd3c2 Re8a8
41.Bc2b1 Rf6e6
42.Rg1g2 Ra8e8
43.Kc2 h4
44.Bb1a2 Kg7
45.Rc1g1 Re6f6
46.Kb1 Kf7
47.Ba2c4 Rf6e6
48.Rg1f1 Re8f8
49.Rf1g1 Rf8a8
50.Kc2 Ra8e8
51.Bc4a2 Kg7
52.Kb1 Re8b8
53.Ka1 Rb8f8
54.Ba2b1 Kf7
55.Ka2 Bd6e7
56.Rg1e1 Rf8e8
57.e4 Be7f6
58.e5 Bf6d8
59.Re1d1 Re8g8
60.Ka1 Bd8b6
61.Bd2g5 Bb6d8
62.Bg5c1 Bd8b6
63.Bb1a2 Bb6a5
64.f3 Ba5d8
65.Rd1g1 Bd8b6
66.Rg1d1 Bb6d8
67.Bc1d2 Bd8b6
68.Bd2g5 Bb6d8
69.Bg5d2 Bd8b6
70.Bd2h6 Bb6d8
71.Bh6d2 { draw }
1/2-1/2

[Event "Tourn. n9799"]
[Site "www.chess-mail.com"]
[Date "2018.06.05"]
[Round "1"]
[White "Caroluigi"]
[Black "Amaya"]
[WhiteElo "2160"]
[BlackElo "2160"]
[Result "0-1"]
[Round "1"]
1.d4 e6
2.Ng1f3 d5
3.Nb1d2 c5
4.c3 Nb8c6
5.e3 Ng8f6
6.Bf1d3 cxd4
7.exd4 Bf8d6
8.O-O O-O
9.Rf1e1 Bd6b8
10.Qd1c2 Qd8c7
11.Nf3e5 Nc6xe5
12.dxe5 Nf6g4
13.Bd3xh7 Kh8
14.Nd2f3 Qc7e7
15.h3 Ng4h6
16.Bc1g5 f6
17.Nf3h4 Qe7c7
18.Bg5xh6 gxh6
19.Nh4g6 Kg7
 { time }
0-1

[Event "Tourn. n9797"]
[Site "www.chess-mail.com"]
[Date "2018.06.05"]
[Round "1"]
[White "Julian"]
[Black "Juheset"]
[WhiteElo "1840"]
[BlackElo "1809"]
[Result "1-0"]
[Round "1"]
1.e4 Ng8f6
2.e5 Nf6d5
3.d4 c5
4.c3 cxd4
5.cxd4 f6
6.Ng1f3 g6
7.Nb1c3 Nd5xc3
8.bxc3 g5
9.Bf1c4 e6
10.exf6 Qd8xf6
11.O-O h6
12.Nf3e5 d6
13.Qd1a4 Ke7
14.Ne5g4 Qf6f7
15.Rf1e1 a6
16.Bc1a3 b5
17.Bc4xb5 Qf7f5
18.Ng4e5 Bc8b7
19.Bb5c6 Bb7xc6
20.Ne5xc6 Nb8xc6
21.Qa4xc6 Qf5d5
22.Qc6xd5 { resign }
1-0

[Event "Tourn. n9768"]
[Site "www.chess-mail.com"]
[Date "2018.06.05"]
[Round "1"]
[White "Seger"]
[Black "Aperturaf"]
[WhiteElo "2790"]
[BlackElo "2700"]
[Result "1-0"]
[Round "1"]
1.e4 e6
2.d4 d5
3.exd5 exd5
4.Ng1f3 Nb8c6
5.c3 Bc8f5
6.Bf1d3 Qd8d7
7.O-O Bf5xd3
8.Qd1xd3 Bf8d6
9.b3 Ng8e7
10.Bc1a3 Bd6xa3
11.Nb1xa3 O-O
12.Na3c2 f6
13.Nc2e3 Nc6d8
14.Ra1e1 c6
15.Re1e2 Nd8f7
16.Rf1e1 Ra8e8
17.g3 Nf7d6
18.c4 Nd6e4
19.h4 h6
20.Kg2 a6
21.h5 f5
22.Nf3e5 Qd7c8
23.cxd5 cxd5
24.Ne3f1 f4
25.f3 Ne4xg3
26.Nf1xg3 fxg3
27.Ne5g4 Rf8f7
28.Re2e6 Qc8d7
29.Qd3e3 a5
30.Qe3e5 Kh7
31.Qe5e2 b5
32.a4 bxa4
33.bxa4 Qd7xa4
34.Ng4e5 Rf7f6
35.Re6xf6 gxf6
36.Ne5g6 Qa4xd4
37.Ng6xe7 { resign }
1-0

[Event "Tourn. n9760"]
[Site "www.chess-mail.com"]
[Date "2018.06.05"]
[Round "1"]
[White "Gilliere"]
[Black "Esperanza"]
[WhiteElo "2040"]
[BlackElo "2040"]
[Result "0-1"]
[Round "1"]
1.e4 c5
2.Ng1f3 d6
3.d4 cxd4
4.Nf3xd4 Ng8f6
5.Nb1c3 e6
6.Bc1g5 a6
7.g3 Bf8e7
8.Bf1g2 O-O
9.O-O Qd8c7
10.Rf1e1 Nb8c6
11.Nd4xc6 bxc6
12.Ra1b1 h6
13.Bg5xf6 Be7xf6
14.Qd1d3 Ra8b8
15.Nc3a4 c5
16.b3 Rf8d8
17.c4 Qc7a5
18.Qd3c2 Bc8d7
19.Na4b2 Qa5xa2
20.Re1e2 Qa2xb3
21.Qc2xb3 Rb8xb3
22.f4 Bf6d4
23.Kf1 Rd8b8
24.e5 dxe5
25.fxe5 Rb3xb2
26.Re2xb2 Rb8xb2
27.Rb1xb2 Bd4xb2
28.Ke2 Bd7a4
29.Bg2b7 a5
{ resign }
0-1

[Event "Tourn. n9798"]
[Site "www.chess-mail.com"]
[Date "2018.06.05"]
[Round "1"]
[White "Numanoid"]
[Black "Drawlward"]
[WhiteElo "2450"]
[BlackElo "2570"]
[Result "1/2-1/2"]
[Round "1"]
1.d4 Ng8f6
2.Bc1g5 Nf6e4
3.Bg5h4 g5
4.f3 gxh4
5.fxe4 c5
6.e3 Bf8h6
7.Qd1d3 Nb8c6
8.Ng1f3 Qd8b6
9.Nb1a3 Qb6xb2
10.Ra1b1 Qb2xa2
11.Qd3c3 cxd4
12.exd4 Qa2e6
13.d5 Qe6xe4
14.Kf2 O-O
15.dxc6 Bh6g7
16.Rb1e1 Bg7xc3
17.Re1xe4 bxc6
18.Re4g4 Kh8
19.Rg4xh4 d5
20.Bf1d3 f5
21.Nf3g5 e5
22.Rh4xh7 Kg8
23.Rh1d1 e4
24.Bd3e2 Rf8f6
25.h4 f4
26.Be2h5 Bc8a6
27.Na3b1 Bc3a5
28.Kg1 Ra8f8
29.Nb1d2 Ba5b6
30.Kh2 Ba6c8
31.Nd2xe4 dxe4
32.Bh5e2 Rf8e8
33.Be2c4 Kf8
34.Rh7h8 Ke7
35.Rh8h7 Kf8
36.Rh7h8 { draw }
1/2-1/2

[Event "Tourn. n9756"]
[Site "www.chess-mail.com"]
[Date "2018.06.05"]
[Round "1"]
[White "Esperanza"]
[Black "Caroluigi"]
[WhiteElo "2040"]
[BlackElo "1870"]
[Result "1-0"]
[Round "1"]
1.d4 Ng8f6
2.c4 e6
3.Nb1c3 d5
4.cxd5 exd5
5.Bc1g5 Bf8b4
6.e3 O-O
7.Bf1d3 h6
8.Bg5xf6 Qd8xf6
9.Ng1f3 c5
10.dxc5 Bb4xc3
11.bxc3 Qf6xc3
12.Kf1 Qc3xc5
13.Ra1c1 Qc5a5
14.Qd1c2 Nb8c6
15.h3 Bc8e6
16.Kg1 Ra8c8
17.Qc2b2 Nc6b4
18.Rc1xc8 Rf8xc8
19.Bd3b1 b6
20.a3 Nb4c6
21.Kh2 Nc6e7
22.Nf3d4 Qa5c5
23.Rh1d1 Qc5d6
24.Kg1 Qd6e5
25.Qb2b5 Qe5h5
26.Rd1e1 Qh5g5
27.Nd4xe6 fxe6
28.Qb5d7 Qg5f6
29.Qd7xa7 Qf6c3
30.Re1f1 Qc3c7
31.Qa7a6 Qc7c6
32.Qa6d3 g6
33.Qd3d4 Rc8f8
34.Qd4h4 Ne7f5
35.Bb1xf5 exf5
36.Qh4xh6 Qc6f6
37.Rf1d1  { time }
1-0

[Event "Tourn. n9799"]
[Site "www.chess-mail.com"]
[Date "2018.06.05"]
[Round "1"]
[White "Caroluigi"]
[Black "Bigrezi"]
[WhiteElo "2170"]
[BlackElo "2220"]
[Result "0-1"]
[Round "1"]
1.d4 Ng8f6
2.c4 g6
3.Nb1c3 d5
4.e3 Bf8g7
5.Ng1f3 O-O
6.Bf1e2 c6
7.O-O Bc8f5
8.Nf3h4 Bf5e6
9.b3 c5
10.Bc1b2 cxd4
11.exd4 Nb8c6
12.Nh4f3 Be6f5
13.cxd5 Nf6xd5
14.Nc3xd5 Qd8xd5
15.Be2c4 Qd5d6
16.h3 a6
17.Qd1d2 b5
18.Bc4e2 e5
19.Qd2c1 e4
20.Rf1e1 exf3
21.Be2xf3 Ra8c8
22.Qc1d2 Nc6xd4
23.Bb2xd4 Bg7xd4
24.Ra1d1 Rf8d8
25.Kf1 Qd6h2
26.Rd1c1 Rc8xc1
 { time }
0-1

[Event "Tourn. n9840"]
[Site "www.echecsemail.com"]
[Date "2018.06.05"]
[Round "1"]
[White "Orhany24"]
[Black "Andychesston"]
[WhiteElo "2140"]
[BlackElo "2040"]
[Result "1-0"]
[Round "1"]
1.e4 e5
2.Ng1f3 Nb8c6
3.Bf1c4 Bf8e7
4.O-O d6
5.h3 Ng8f6
6.Rf1e1 O-O
7.c3 Bc8e6
8.Bc4b5 a6
9.Bb5a4 b5
10.Ba4c2 Qd8d7
11.d4 exd4
12.cxd4 Be6xh3
13.Nf3g5 Bh3xg2
14.Kxg2 Qd7g4
15.Qd1xg4 Nc6xd4
16.Qg4d1 { resign }
1-0

[Event "Match"]
[Site "www.echecsemail.com"]
[Date "2018.06.05"]
[Round "1"]
[White "Eeze"]
[Black "Lucid1963"]
[WhiteElo "1499"]
[BlackElo "1599"]
[Result "1-0"]
[Round "1"]
1.e4 c5
2.c3 g6
3.d3 Bf8g7
4.Bc1g5 d6
5.Nb1d2 Nb8c6
6.h3 Qd8b6
7.Ra1b1 e6
8.Ng1f3 Ng8e7
9.Nd2c4 Qb6c7
10.Qd1d2 O-O
11.Bg5h6 d5
12.Bh6xg7 Kxg7
13.Nc4e3 dxe4
14.dxe4 b6
15.Bf1d3 Bc8b7
16.Ne3g4 Ne7g8
17.b4 Nc6e7
18.O-O f5
19.Nf3g5 Qc7d6
20.exf5 Ne7xf5
21.bxc5 Qd6c6
22.Bd3e4 Qc6c8
23.Be4xb7 Qc8xb7
24.Ng5xe6 Kh8
25.Ne6xf8 Ra8xf8
26.Ng4h2 Ng8f6
27.Qd2d3 Nf5h4
28.Qd3g3 Nh4f5
29.Qg3f4 Nf6e4
30.Qf4e5 Kg8
31.Qe5e6 Kg7
32.Qe6e5 Kg8
33.Rf1e1 Ne4f6
34.Qe5e6 Kg7
35.cxb6 Nf5h4
36.Qe6e7 { resign }
1-0

[Event "Tourn. n9821"]
[Site "www.echecsemail.com"]
[Date "2018.06.05"]
[Round "1"]
[White "Attatroll"]
[Black "Malbertan"]
[WhiteElo "2030"]
[BlackElo "2010"]
[Result "0-1"]
[Round "1"]
1.d4 Ng8f6
2.c4 e6
3.Nb1c3 Bf8b4
4.e3 O-O
5.Ng1e2 c5
6.a3 Bb4a5
7.Bc1d2 Nb8c6
8.Nc3a4 Ba5xd2
9.Qd1xd2 cxd4
10.Ne2xd4 Nc6xd4
11.exd4 d5
12.Na4c5 b6
13.Nc5d3 dxc4
14.Nd3e5 b5
15.Bf1e2 Bc8b7
16.O-O Nf6e4
17.Qd2c2 Qd8g5
18.Be2f3 Ne4d6
19.Bf3xb7 Nd6xb7
20.f4 Qg5e7
21.Ne5c6 Qe7d7
22.Nc6b4 Qd7xd4
23.Kh1 Nb7c5
24.Ra1d1 Qd4e4
25.Qc2f2 a5
26.Nb4c2 Nc5d3
27.Qf2d4 Qe4xd4
28.Nc2xd4 b4
29.axb4 axb4
30.Nd4c6 Ra8a2
31.Nc6e7 Kh8
32.Ne7c6 Ra2xb2
33.h3 Nd3f2
34.Rf1xf2 Rb2xf2
35.Kg1 Rf2b2
36.Rd1c1 c3
{ resign }
0-1

[Event "Tourn. n9823"]
[Site "www.echecsemail.com"]
[Date "2018.06.05"]
[Round "1"]
[White "Orhany24"]
[Black "Prize64"]
[WhiteElo "2160"]
[BlackElo "2110"]
[Result "0-1"]
[Round "1"]
1.d4 d5
2.Ng1f3 c6
3.c4 e6
4.a3 Ng8f6
5.Nb1c3 Nb8d7
6.Bc1g5 dxc4
7.e4 b5
8.e5 h6
9.Bg5h4 g5
10.Nf3xg5 hxg5
11.Bh4xg5 Qd8a5
12.exf6 b4
13.Qd1a4 Qa5xg5
14.Qa4xc6 bxc3
15.bxc3 Ra8b8
16.Bf1xc4 Bc8b7
{ resign }
0-1

[Event "Match"]
[Site "www.echecsemail.com"]
[Date "2018.06.05"]
[Round "1"]
[White "Storzman"]
[Black "Bjonil60"]
[WhiteElo "1199"]
[BlackElo "1530"]
[Result "1-0"]
[Round "1"]
1.d4 d5
2.Ng1f3 e6
3.e3 Qd8e7
4.Bf1d3 Ng8f6
5.O-O Nb8c6
6.a3 Bc8d7
7.Nb1d2 O-O-O
8.Nf3e5 Nc6xe5
9.dxe5 Nf6e8
10.b3 b6
11.Bc1b2 g6
12.Bd3a6 Kb8
13.Nd2f3 h6
14.a4 g5
15.Bb2a3 c6
16.Ba3xe7 Bf8xe7
17.Nf3d4 c5
18.Nd4b5 Bd7xb5
19.axb5 Ne8c7
20.Qd1g4 Be7f8
21.Ra1a2 Nc7xa6
22.Ra2xa6 c4
23.bxc4 dxc4
24.Qg4xc4 Rd8c8
25.Qc4a4 Bf8g7
26.Ra6xa7 f6
27.Ra7a8 Kb7
28.Qa4a7 
1-0

[Event "Tourn. n9806"]
[Site "www.echecsemail.com"]
[Date "2018.06.05"]
[Round "1"]
[White "Johnmcbride"]
[Black "Attatroll"]
[WhiteElo "1970"]
[BlackElo "1980"]
[Result "1-0"]
[Round "1"]
1.d4 Ng8f6
2.Nb1c3 g6
3.e4 d6
4.Bc1g5 Bf8g7
5.f4 O-O
6.Bg5xf6 Bg7xf6
7.Ng1f3 Nb8c6
8.e5 Bf6g7
9.Bf1d3 dxe5
10.dxe5 Bc8g4
11.h3 Bg4xf3
12.Qd1xf3 Nc6d4
13.Qf3xb7 Ra8b8
14.Qb7xa7 Rb8xb2
15.O-O-O Rb2b4
16.Qa7c5 Qd8b8
17.a3 Rb4b6
18.Qc5xd4 Rf8d8
19.Qd4c4 Qb8a7
20.Nc3a4 Rd8d4
21.Qc4c5 Rb6b1
22.Kxb1 Rd4xa4
23.Qc5xa7 Ra4xa7
24.Ka2 { resign }
1-0

[Event "Tourn. n9770"]
[Site "www.chess-mail.com"]
[Date "2018.06.06"]
[Round "1"]
[White "Aperturaf"]
[Black "Comrade"]
[WhiteElo "2730"]
[BlackElo "2300"]
[Result "1-0"]
[Round "1"]
1.e4 e6
2.d4 d5
3.Bf1d3 dxe4
4.Bd3xe4 Ng8f6
5.Be4f3 c5
6.Ng1e2 Nb8c6
7.Bc1e3 cxd4
8.Ne2xd4 Bc8d7
9.Nd4xc6 Bd7xc6
10.Bf3xc6 bxc6
11.Qd1xd8 Ra8xd8
12.Ke2 c5
13.Nb1a3 Nf6d5
14.Ra1d1 Bf8e7
15.Na3c4 O-O
16.Rd1d3 Nd5b4
17.Rd3a3 Nb4xc2
18.Ra3xa7 Nc2xe3
19.fxe3 Be7f6
20.Rh1d1 Rd8d5
21.Rd1xd5 exd5
22.Nc4b6 Rf8d8
23.a4 d4
24.a5 h6
25.a6 Rd8b8
26.Ra7a8 Bf6e5
27.exd4 cxd4
28.a7 { resign }
1-0

[Event "Tourn. n9724"]
[Site "www.chess-mail.com"]
[Date "2018.06.06"]
[Round "1"]
[White "Gvladutz"]
[Black "Piriot"]
[WhiteElo "2520"]
[BlackElo "2450"]
[Result "1/2-1/2"]
[Round "1"]
1.e4 e5
2.Ng1f3 Ng8f6
3.d4 Nf6xe4
4.Bf1d3 d5
5.Nf3xe5 Bf8d6
6.O-O O-O
7.c4 Bd6xe5
8.dxe5 Nb8c6
9.cxd5 Qd8xd5
10.Qd1c2 Nc6b4
11.Bd3xe4 Nb4xc2
12.Be4xd5 Nc2xa1
13.Bd5e4 Rf8e8
14.Nb1a3 Re8xe5
15.Be4f3 Bc8e6
16.Bc1f4 Re5a5
17.Bf4xc7 Ra5xa3
18.bxa3 Na1c2
19.Bf3xb7 Ra8e8
20.Bc7d6 Be6xa2
21.Bd6c5 a5
22.Rf1d1 g6
23.h3 Re8e1
24.Rd1xe1 Nc2xe1
25.Bb7c6 Ba2b3
26.Bc6b5 f5
27.a4 Ne1c2
28.Bc5b6 Nc2a3
29.Bb6xa5 Na3xb5
30.axb5 Kf7
31.Ba5c7 Ke6
32.b6 Bb3d5
33.f3 h5
34.h4 Bd5b7
35.Kf2 Kd7
36.Ke3 Bb7a6
37.Kf4 Ba6f1
38.g3 Bf1g2
39.Kg5 Bg2xf3
40.Kxg6 Bf3g4
41.Kf7 { draw }
1/2-1/2

[Event "Tourn. n9792"]
[Site "www.chess-mail.com"]
[Date "2018.06.06"]
[Round "1"]
[White "Osopanda"]
[Black "Pablincho"]
[WhiteElo "1860"]
[BlackElo "1780"]
[Result "0-1"]
[Round "1"]
1.e4 e6
2.d4 d5
3.e5 Nb8c6
4.Ng1f3 h6
5.Bf1b5 Bc8d7
6.O-O Nc6xe5
7.Bb5xd7 Ne5xd7
8.Bc1f4 Ng8f6
9.Rf1e1 Bf8e7
10.c4 dxc4
11.Nb1c3 a6
12.d5 O-O
13.dxe6 fxe6
14.Re1xe6 Nd7c5
15.Qd1xd8 Be7xd8
16.Ra1d1 Nc5xe6
17.Bf4g3 c6
18.Bg3d6 Rf8f7
19.Nf3e5 Bd8c7
20.Ne5xf7 Kxf7
21.Bd6xc7 Ne6xc7
22.f3 Ra8e8
23.Kf2 Nc7d5
24.Nc3xd5 cxd5
25.h4 { time. }
0-1

[Event "Tourn. n9755"]
[Site "www.chess-mail.com"]
[Date "2018.06.06"]
[Round "1"]
[White "Ejner"]
[Black "Tartan"]
[WhiteElo "2410"]
[BlackElo "2520"]
[Result "1/2-1/2"]
[Round "1"]
1.Ng1f3 Ng8f6
2.d4 d5
3.Bc1g5 Nf6e4
4.Bg5h4 c5
5.dxc5 Nb8c6
6.e3 g6
7.c3 Bf8g7
8.Bf1e2 O-O
9.Nb1d2 Ne4xc5
10.O-O a5
11.a4 Bc8g4
12.h3 Bg4f5
13.Nd2b3 Nc5e4
14.Nf3d4 Ne4d6
15.Nd4xf5 Nd6xf5
16.Bh4g5 h6
17.Bg5f4 e6
18.Nb3d4 Nf5d6
19.Bf4h2 Bg7e5
20.Nd4b5 Be5xh2
21.Kxh2 Nd6e4
22.Be2d3 Ne4c5
23.b3 f5
24.Ra1c1 Qd8e7
25.Bd3c2 Kg7
26.Qd1e2 e5
27.Rc1d1 Ra8d8
28.f3 b6
29.Rd1d2 Rd8d7
30.Rf1d1 { draw }
1/2-1/2

[Event "Tourn. n9838"]
[Site "www.echecsemail.com"]
[Date "2018.06.06"]
[Round "1"]
[White "Bojan"]
[Black "Julian"]
[WhiteElo "2010"]
[BlackElo "1880"]
[Result "1-0"]
[Round "1"]
1.b4 e5
2.a3 d5
3.e3 Ng8f6
4.Bc1b2 Bf8d6
5.g3 Bc8g4
6.f3 Bg4e6
7.Qd1e2 O-O
8.d3 Nb8d7
{ time. }
1-0

[Event "Match"]
[Site "www.echecsemail.com"]
[Date "2018.06.06"]
[Round "1"]
[White "Enting"]
[Black "Mdesouza"]
[WhiteElo "1809"]
[BlackElo "2330"]
[Result "0-1"]
[Round "1"]
1.e4 e6
2.d4 d5
3.e5 c5
4.Ng1f3 Nb8c6
5.dxc5 Bf8xc5
6.Bc1f4 Qd8b6
7.Bf4c1 Bc5xf2
8.Kd2 Qb6e3
{ resign }
0-1

[Event "Tourn. n9838"]
[Site "www.echecsemail.com"]
[Date "2018.06.06"]
[Round "1"]
[White "Fantomas"]
[Black "Francesco"]
[WhiteElo "2100"]
[BlackElo "1910"]
[Result "1-0"]
[Round "1"]
1.e4 c6
2.Nb1c3 d5
3.d4 dxe4
4.Nc3xe4 Bc8f5
5.Ne4g3 Bf5g6
6.c3 e6
7.Ng1f3 Bf8d6
8.Ng3e2 Nb8d7
9.Ne2f4  { time }
1-0

[Event "Tourn. n9838"]
[Site "www.echecsemail.com"]
[Date "2018.06.06"]
[Round "1"]
[White "Francesco"]
[Black "Bojan"]
[WhiteElo "1910"]
[BlackElo "2000"]
[Result "0-1"]
[Round "1"]
1.e4 e5
2.Ng1f3 d6
3.d4 exd4
4.Nf3xd4 h6
5.Nb1c3 Bc8d7
6.Bf1c4 Qd8f6
7.O-O Nb8c6
8.Bc1e3 a6
 { time }
0-1

[Event "Tourn. n9813"]
[Site "www.echecsemail.com"]
[Date "2018.06.06"]
[Round "1"]
[White "Tonino1"]
[Black "Hundegana"]
[WhiteElo "1970"]
[BlackElo "2070"]
[Result "1-0"]
[Round "1"]
1.d4 c5
2.e3 e6
3.f4 g5
4.fxg5 Qd8xg5
5.Ng1f3 Qg5e7
6.Bf1d3 Nb8c6
7.c3 cxd4
8.exd4 Bf8g7
9.O-O d6
10.Qd1e2 a6
11.Nb1a3 h6
12.Na3c4 Qe7c7
13.Bc1f4 Ke7
14.Bf4xd6 Qc7xd6
15.Nc4xd6 Kxd6
16.Nf3e5 Nc6xe5
17.dxe5 Bg7xe5
18.Bd3xa6 f6
19.Ra1d1 Ke7
20.Ba6c4 b5
21.Bc4xb5 Ra8xa2
22.Qe2c4 Ra2a8
23.Qc4c5 Kf7
24.Qc5xe5 Ke7
25.Qe5d6 Kf7
26.Qd6c7 Ng8e7
27.Bb5c4 Rh8g8
28.Qc7f4 f5
29.g4 Rg8g6
30.h4 Ra8a4
31.g5 hxg5
32.hxg5 Ra4a7
33.Kf2 Ra7b7
34.b3 Rb7a7
35.Kg3 Kg7
36.Qf4d4 Kf7
37.Qd4xa7 Rg6xg5
38.Kf4 Rg5g4
39.Ke5 Rg4e4
40.Kd6 Kf6
41.Qa7xe7 Kg6
42.Rf1g1 Re4g4
43.Rg1xg4 fxg4
44.Qe7e8 Kf5
45.Qe8xc8 g3
46.Qc8xe6 Kf4
47.Rd1f1 Kg5
48.Qe6f6 Kg4
49.Bc4e6 Kh5
50.Rf1h1 { resign }
1-0

[Event "1/32 Finale"]
[Site "www.chess-mail.com"]
[Date "2018.06.06"]
[Round "1"]
[White "Tobernor"]
[Black "Danquigley"]
[WhiteElo "2510"]
[BlackElo "2640"]
[Result "1/2-1/2"]
[Round "1"]
1.d4 Ng8f6
2.c4 g6
3.Nb1c3 d5
4.cxd5 Nf6xd5
5.e4 Nd5xc3
6.bxc3 Bf8g7
7.Bf1c4 c5
8.Ng1e2 O-O
9.O-O Nb8c6
10.Bc1e3 cxd4
11.cxd4 e6
12.Ra1c1 Bc8d7
13.Qd1d2 Ra8c8
14.Rf1d1 a6
15.Bc4d3 Qd8a5
16.Rc1c3 Rf8e8
17.Rd1c1 Bg7f8
18.a3 b5
19.Qd2b2 Nc6b8
20.Be3d2 Rc8xc3
21.Rc1xc3 Qa5b6
22.Bd2e3 Qb6b7
23.Ne2c1 Bd7c6
24.f3 a5
25.Rc3c2 b4
26.axb4 axb4
27.Nc1b3 Bc6b5
28.Nb3c5 Bf8xc5
29.Bd3xb5 Bc5xd4
30.Qb2xd4 Qb7xb5
31.Be3h6 e5
32.Qd4d6 Nb8d7
33.Rc2c7 Qb5b6
34.Qd6xb6 Nd7xb6
35.Rc7b7 Nb6c8
{ draw }
1/2-1/2

[Event "1/64 Finale"]
[Site "www.chess-mail.com"]
[Date "2018.06.06"]
[Round "1"]
[White "Gvladutz"]
[Black "Hennie4820"]
[WhiteElo "2530"]
[BlackElo "2080"]
[Result "1-0"]
[Round "1"]
1.e4 c5
2.Ng1f3 e6
3.d4 cxd4
4.Nf3xd4 Ng8f6
5.Nb1c3 Qd8b6
6.e5 Bf8c5
7.Nd4b5 Nf6d5
8.Nc3e4 Nb8c6
9.Ne4xc5 Qb6xc5
10.c4 Qc5b4
11.Bc1d2 Qb4xb2
12.cxd5 Qb2xe5
13.Bf1e2 Nc6d4
14.f4 Nd4c2
15.Qd1xc2 Qe5xa1
16.Kf2 Qa1xh1
17.Nb5c7 Ke7
18.d6 Kf8
19.Nc7xa8 Qh1xh2
20.Qc2xc8 { resign }
1-0

[Event "Tourn. n9789"]
[Site "www.chess-mail.com"]
[Date "2018.06.07"]
[Round "1"]
[White "Louis"]
[Black "Francesco"]
[WhiteElo "1980"]
[BlackElo "1930"]
[Result "1-0"]
[Round "1"]
1.d4 Ng8f6
2.c4 g6
3.Ng1f3 Bf8g7
4.Nb1c3 O-O
5.e4 d6
6.h3 Nb8d7
7.Bc1g5 Rf8e8
8.e5 dxe5
9.dxe5 Nf6h5
10.g4 h6
11.Bg5e3 Nh5g3
12.fxg3 Nd7xe5
13.Nf3xe5 Bg7xe5
14.Be3f4 Be5xc3
15.bxc3 e5
16.Qd1xd8 Re8xd8
17.Bf4xh6 Bc8e6
18.Bf1g2 c6
19.O-O Be6xc4
20.Rf1e1 f6
21.Re1e4 Bc4d5
22.Re4e1 g5
23.Re1f1 Rd8d6
24.Bg2xd5 cxd5
25.h4 Kh7
26.hxg5 Kg6
27.Rf1xf6 Rd6xf6
28.gxf6 Kxh6
29.Ra1d1 Ra8d8
30.Rd1f1 Rd8f8
31.Rf1f5 Rf8e8
32.Rf5h5 Kg6
33.Rh5f5 a6
34.Kf2 b5
35.Ke3 a5
36.f7 d4
37.cxd4 exd4
38.Kxd4 Re8d8
39.Kc5 { resign }
1-0

[Event "Tourn. n9842"]
[Site "www.echecsemail.com"]
[Date "2018.06.07"]
[Round "1"]
[White "Bojan"]
[Black "Piekki"]
[WhiteElo "2000"]
[BlackElo "2250"]
[Result "0-1"]
[Round "1"]
1.e4 c5
2.Ng1f3 d6
3.c3 Ng8f6
4.Qd1c2 Nb8c6
5.a3 e5
6.h3 g6
7.Nf3h2 Bf8g7
8.d3 O-O
9.Bf1e2 Bc8e6
10.Bc1e3 Ra8c8
11.Nb1d2 Nf6d7
12.Nd2c4 Qd8e7
13.b3 b5
14.Nc4b2 f5
15.c4 f4
16.Be3d2 Nc6d4
17.Qc2c3 bxc4
18.dxc4 d5
19.cxd5 Be6xd5
20.exd5 e4
21.Qc3c4 Kh8
22.Be2d1 e3
23.Bd2c1 Qe7h4
24.O-O Nd7e5
25.Qc4c3 e2
26.g3 exd1Q
27.Nb2xd1 fxg3
28.fxg3 Qh4xh3
29.Nd1f2 Nd4e2
{ resign }
0-1

[Event "Tourn. n9836"]
[Site "www.echecsemail.com"]
[Date "2018.06.07"]
[Round "1"]
[White "Tonino1"]
[Black "Piekki"]
[WhiteElo "2210"]
[BlackElo "2210"]
[Result "0-1"]
[Round "1"]
1.d4 Ng8f6
2.g4 h6
3.Bf1g2 d5
4.h3 c5
5.e3 Nb8c6
6.Ng1e2 e5
7.c3 Bc8e6
8.O-O Qd8c7
9.Nb1d2 Bf8d6
10.Nd2f3 e4
11.Nf3h4 g5
12.Nh4f5 Be6xf5
13.gxf5 g4
14.h4 Rh8g8
15.dxc5 Bd6h2
16.Kh1 Nc6e5
17.Ne2g3 Bh2xg3
18.fxg3 Ne5f3
19.Bg2xf3 gxf3
20.Rf1g1 Rg8xg3
21.Rg1xg3 Qc7xg3
22.Qd1g1 Qg3xh4
23.Qg1h2 Qh4e1
24.Qh2g1 f2
 { time }
0-1

[Event "Tourn. n9849"]
[Site "www.echecsemail.com"]
[Date "2018.06.07"]
[Round "1"]
[White "Bojan"]
[Black "Piekki"]
[WhiteElo "1990"]
[BlackElo "2250"]
[Result "0-1"]
[Round "1"]
1.e4 e6
2.d4 d5
3.exd5 exd5
4.Bc1f4 Ng8f6
5.Ng1f3 Bf8d6
6.Qd1d2 Nf6e4
7.Qd2e3 O-O
8.Bf1d3 Rf8e8
9.Bf4e5 f6
10.Bd3xe4 dxe4
11.Qe3xe4 fxe5
12.Qe4d5 Kh8
13.dxe5 Bd6b4
14.Qd5d2 Bb4xd2
15.Nb1xd2 Nb8c6
16.O-O-O Bc8g4
17.h3 Bg4xf3
18.Nd2xf3 Qd8e7
19.Rh1e1 Qe7c5
20.Re1e3 Ra8d8
21.Rd1e1 Nc6b4
22.Kb1 Qc5xc2
23.Ka1 Rd8d1
{ resign }
0-1

[Event "Tourn. n9815"]
[Site "www.echecsemail.com"]
[Date "2018.06.07"]
[Round "1"]
[White "Bojan"]
[Black "Hundegana"]
[WhiteElo "2040"]
[BlackElo "2070"]
[Result "1/2-1/2"]
[Round "1"]
1.e4 c5
2.Qd1f3 e5
3.Bf1c4 Qd8f6
4.Nb1c3 Qf6xf3
5.Ng1xf3 Ng8f6
6.Nc3d5 Nf6xd5
7.Bc4xd5 f6
8.c3 Bf8d6
9.d3 a5
10.Nf3h4 g6
11.Bc1h6 Bd6f8
12.Bh6xf8 Rh8xf8
13.O-O d6
14.f4 Ra8a7
15.fxe5 dxe5
16.Rf1f2 b6
17.Ra1f1 Ke7
18.g4 Bc8xg4
19.Nh4f3 Bg4e6
20.Nf3g5 Be6xd5
21.exd5 h6
22.Ng5e6 Rf8f7
23.a4 Nb8d7
24.Rf2g2 g5
25.c4 Nd7f8
26.Ne6xf8 Rf7xf8
27.Rf1f3 f5
28.Rg2e2 Kd6
29.Kg2 g4
30.Rf3f1 f4
31.Re2e4 Ra7f7
32.h3 h5
33.hxg4 hxg4
34.Rf1h1 f3
35.Kf2 Rf7f6
36.Re4xg4 Rf8f7
37.Rh1h3 Rf6f4
38.Rg4g6 Rf7f6
39.Rh3h6 Rf6xg6
40.Rh6xg6 Kc7
41.Rg6g3 e4
42.dxe4 Rf4xe4
43.b3 Re4e2
44.Kxf3 Re2e7
45.Kf4 Kb7
46.Rg3e3 Re7f7
47.Ke4 Kc7
48.Re3f3 Rf7e7
49.Kd3 Kb7
50.Rf3e3 Re7d7
51.Re3e6 Ka7
52.d6 Kb7
53.Ke4 Kc6
54.Ke5 Rd7d8
55.Re6h6 Rd8e8
56.Rh6e6 Re8d8
57.Re6g6 { draw }
1/2-1/2

[Event "1/128 Finale"]
[Site "www.chess-mail.com"]
[Date "2018.06.07"]
[Round "1"]
[White "Enting"]
[Black "Cvilhena1976"]
[WhiteElo "1809"]
[BlackElo "1499"]
[Result "0-1"]
[Round "1"]
1.e4 e5
2.Ng1f3 Nb8c6
3.Bf1c4 Ng8f6
4.Nf3g5 d5
5.exd5 Nf6xd5
6.Qd1f3 Qd8xg5
7.Bc4xd5 Nc6d4
8.Qf3xf7 Kd8
9.Bd5e4 Bc8e6
10.Qf7xe6 Nd4xe6
11.Be4xb7 Ra8b8
12.Bb7d5 Ne6f4
13.d3 Nf4xd3
{ resign }
0-1

[Event "Tourn. n9730"]
[Site "www.chess-mail.com"]
[Date "2018.06.08"]
[Round "1"]
[White "Krystek23"]
[Black "Seger"]
[WhiteElo "2470"]
[BlackElo "2770"]
[Result "0-1"]
[Round "1"]
1.c4 e5
2.Nb1c3 Ng8f6
3.g3 Bf8b4
4.Bf1g2 O-O
5.Ng1f3 Rf8e8
6.O-O c6
7.d3 h6
8.e4 d6
9.Bc1d2 a5
10.a3 Bb4c5
11.Nc3a4 Bc5a7
12.b4 b5
13.cxb5 cxb5
14.Na4c3 Bc8d7
15.Qd1b1 Nb8a6
16.Rf1c1 axb4
17.axb4 Na6c7
18.Nc3d1 Nc7e6
19.Bd2e3 Ba7xe3
20.Nd1xe3 Qd8b6
21.Bg2h3 Re8d8
22.Kg2 Ra8a4
23.Qb1b2 Rd8a8
24.Ra1xa4 bxa4
25.Ne3c4 Qb6a6
26.Bh3xe6 fxe6
27.Rc1c3 Ra8b8
28.Nc4a3 Kh7
29.Na3c4 Bd7b5
30.Nf3d2 Rb8c8
31.Rc3a3 Nf6d7
32.Ra3a2 Kh8
33.h3 d5
34.Nc4xe5 Nd7xe5
35.Qb2xe5 Bb5xd3
36.exd5 exd5
37.Qe5xd5 Bd3b5
38.Kh2 Bb5c6
39.Qd5f5 Qa6b7
40.Ra2a3 Rc8e8
41.Qf5c5 Qb7a8
42.Qc5a5 Qa8xa5
43.bxa5 Re8e2
44.Nd2c4 Re2xf2
45.Kg1 Rf2f5
46.Ra3c3 Rf5c5
47.a6 Kh7
48.a7 Bc6a8
49.Kf2 Rc5c7
50.Ke3 Rc7xa7
51.Rc3a3 Ba8d5
52.Kd4 Bd5e6
53.h4 Kg6
54.Nc4e5 Kh5
55.Ne5c6 Ra7a8
56.Ke5 Be6b3
57.Kf4 Ra8f8
58.Ke5 Rf8f3
59.Nc6d4 Rf3xg3
60.Nd4f5 Rg3d3
61.Nf5xg7 Kg6
62.Ng7f5 Rd3d5
63.Ke4 Rd5xf5
64.Ra3a1 Rf5b5
65.Ra1g1 Kh5
66.Kf4 a3
{ resign }
0-1